| 000 | 00999nam a22003017a 4500 | ||
|---|---|---|---|
| 003 | CHAP | ||
| 005 | 20220329135458.0 | ||
| 008 | 971013s r 00010 d | ||
| 010 | _a37255 | ||
| 011 | _a38227 | ||
| 035 | _a42347 | ||
| 040 | _cCHAP | ||
| 090 | _aFolleto 10819 | ||
| 110 |
_aMéxico. Dirección General de Economía Agrícola _976976 |
||
| 245 |
_aSuperficie y producción de las cosechas del ciclo otoño-invierno 1976-77 _b: datos coordinados (D.G.A.-D.G.E.A.) |
||
| 260 |
_aMéxico, D.F. : _bLa Dirección, _c(197?) |
||
| 300 | _a32 h | ||
| 590 |
_aBATCH-UPD _b10 _c20130110 _lUCH01 _h0837 |
||
| 590 |
_aBATCH-UPD _b10 _c20130410 _lUCH01 _h0515 |
||
| 590 |
_aBATCH-UPD _b10 _c20130914 _lUCH01 _h1119 |
||
| 590 |
_aCONVERSION _b10 _c20130109 _lUCH01 _h1321 |
||
| 650 | 1 | 4 |
_aCultivos _xEstadísticas. _930269 |
| 650 | 1 | 4 |
_aCultivos _xRendimiento. _930318 |
| 650 | 1 | 4 |
_aRecolección. _995010 |
| 901 | _aBK | ||
| 942 | _cFOLL | ||
| 949 |
_aFolleto 10819 _bBC _cFOLL _d-97511 _eTS1 _i42347 _si |
||
| 999 |
_c37255 _d37255 |
||